000 00798nam a2200133Ia 4500
008 171212s9999 xx 000 0 und d
020 _a9780833040138
100 _aSchiefer, Michael;Robbert, Albert A.;Galway, Lionel A.;Stanton, Richard E.;San, Christine
245 _cSchiefer, Michael;Robbert, Albert A.;Galway, Lionel A.;Stanton, Richard E.;San, Christine
_aAir Force Enlisted Force Management
_bSystem Interactions and Synchronization Strategies
260 _bRAND Corporation
_c2008
650 _aAid to families with dependent children programs -- California; Welfare recipients -- California; California Work Opportunity and Responsibility to Kids (Program); Fines (Penalties) -- California
650 _aManagement & Organizational Behavior
856 _uwww.jstor.org/stable/10.7249/mg540af
999 _c351692
_d351692